|
|
|
|
| LEADER |
00000nam a22000007a 4500 |
| 008 |
240610b |||||||| |||| 00| 0 eng d |
| 020 |
|
|
|a 9781032339191
|
| 100 |
|
|
|a HARRINGTON, Kieran
|
| 245 |
|
|
|a The role of corpus linguistics in the ethnography of a closed community
|b : survival communication
|c / Kieran Harrington
|e (The Routledge Applied Corpus Linguistics Series)
|g xiv, 238p; ill
|
| 260 |
|
|
|b Routledge
|c 2018
|h New York
|i 702295
|i 702296
|l P94.65.I6H25
|m Intercultural communication--Ireland
|m Immigrants--History--21st century--Ireland.
|m Languages in contact--Ireland
|m English language--Study and teaching--Foreign speakers
|m Language policy--Ireland.
|m Corpora (Linguistics).
|m Sociolinguistics--Ireland
|m Ireland--Languages.
|
| 500 |
|
|
|a Includes bibliographical references and index
|
| 942 |
|
|
|a lcc
|c BK
|e JOHNSON
|f 10/06/24
|
| 952 |
|
|
|0 0
|1 0
|2 lcc
|4 0
|6 P009465 I6 H25
|7 0
|9 5275
|a ART
|b HOL
|c LP
|d 2024-06-10
|l 0
|o P94.65.I6H25
|p 2024-0518
|r 2024-06-10 00:00:00
|t 702295
|w 2024-06-10
|y BK
|
| 952 |
|
|
|0 0
|1 0
|2 lcc
|4 0
|6 P009465 I6 H25
|7 0
|9 5276
|a HOL
|b HOL
|c LP
|d 2024-06-10
|l 0
|o P94.65.I6H25
|p 2024-0519
|r 2024-06-10 00:00:00
|t 702296
|w 2024-06-10
|y BK
|
| 999 |
|
|
|c 2614
|d 2614
|